Billy Joel Lyrics Quiz (Part 46) - Statistics

General Stats
  • This quiz has been taken 26 times
    23 since last reset
  • The average score is 115 of 174
Answer Stats
Answer % Correct
a
100%
and
100%
I
100%
me
100%
the
100%
when
100%
to
94%
We
94%
we
94%
be
88%
so
88%
your
88%
but
81%
But
81%
is
81%
of
81%
on
81%
by
75%
can’t
75%
for
75%
free
75%
got
75%
It’s
75%
life
75%
my
75%
some
75%
friend
69%
I’ve
69%
just
69%
mine
69%
night
69%
then
69%
time
69%
goes
63%
have
63%
Now
63%
now
63%
out
63%
someone
63%
away
56%
been
56%
let
56%
lie,
56%
lie
56%
light
56%
Little
56%
Oh,
56%
Oh
56%
play
56%
should
56%
women
56%
get
50%
livin’
50%
more
50%
much
50%
Talk
50%
than
50%
that’s
50%
there’s
50%
tonight
50%
turn
50%
Turn
50%
Wait
50%
world
50%
about
44%
buy
44%
else’s
44%
everybody
44%
half
44%
mile
44%
moment
44%
music
44%
need
44%
other
44%
place
44%
Sit
44%
wine
44%
bottle
38%
cheap
38%
cop
38%
given
38%
gotta
38%
Hide
38%
hit
38%
holiday
38%
money
38%
roof
38%
save
38%
stay
38%
transistor
38%
try
38%
try,
38%
corner
31%
Crawl
31%
Geo
31%
keep
31%
mamma
31%
sleeping
31%
Angelina
25%
family
25%
satisfied
25%
No matching quizzes found
Score Distribution
Percent of People with Each Score
Percentile by Number Answered
Your Score History
You have not taken this quiz since the last reset